000 00836nam a2200229Ii 4500
003 JO-AjNU
008 230605s9999||||xx |||||||||||||| ||und||
017 _a1997/7691
020 _a977-01-5257-9
040 _aJO-AjNU
_bara
_erda
_cJO-AjNU
041 _aara
050 1 4 _aBF1999.S35712 1997
100 3 _aشول، بيل ؛ م.مشارك: إد بتيت ؛ ترجمة امين سلامة,
_eauthor
_957027
245 0 0 _aالقوة النفسية للأهرام
264 3 1 _aالقاهرة: الهيئة المصرية العامة للكتاب، 1997
300 _a235ص
336 _atext
_btxt
_2rdacontent
337 _aunmediated
_bn
_2rdamedia
338 _avolume
_bnc
_2rdacarrier
490 0 _aالمصريات
650 4 _aالاهرام- اثار مصر- الغرائب- عالم ما وراء الطبيعة
_957028
999 _aA25531
_c29099
_d29099